| 000 | 00463nam a2200169Ia 4500 | ||
|---|---|---|---|
| 008 | 190423s9999 xx 000 0 und d | ||
| 100 | _aShipp, Cameron | ||
| 245 | 4 | _aThe Curious custom of going steady/ | |
| 245 | _cCameron Shipp | ||
| 260 | _bReader's Digest Asia | ||
| 260 | _c2019 | ||
| 300 | _aPages 110-114, January 2019 | ||
| 440 |
_aAsia Reader's Digest: Classic Reads _v115:671 |
||
| 650 | _aDating | ||
| 650 | _aMarriage | ||
| 650 | _aRelationship | ||
| 999 |
_c361496 _d361496 |
||